| 000 | 00335nam a22001337a 4500 | ||
|---|---|---|---|
| 020 | _a978-1420094336 | ||
| 041 | _aENG | ||
| 100 | _aBayindirli | ||
| 245 | _aEnzynes In Fruit And Vegetable processing Chemistry And Engineering Applications | ||
| 260 |
_aNew York _bCRC _c2010 |
||
| 300 | _a391 | ||
| 650 | _aAPE | ||
| 856 | _uAPE ( 3 ) | ||
| 999 |
_c1682 _d1682 |
||